| 000 | 00342nam a22001337a 4500 | ||
|---|---|---|---|
| 008 | 170816b xxu||||| |||| 00| 0 eng d | ||
| 020 | _a9780387946511 | ||
| 041 | _aeng | ||
| 080 | _a51 | ||
| 100 | _a36 | ||
| 101 | _aMAT | ||
| 245 |
_aPARTIAL DIFFERENTIAL EQUATIONS II APPLIED MATHEMATICAL SCIENCES 16 _cTAYLOR,.M.E |
||
| 942 |
_2udc _cBK |
||
| 999 |
_c23664 _d23664 |
||